[Event "EU-chT Railways USIC"]
[Site "Korenov"]
[Date "2017.10.12"]
[Round "4.5"]
[White "Haschka, Peter"]
[Black "Boog, Stefan"]
[Result "1/2-1/2"]
[WhiteElo "1762"]
[BlackElo "1600"]
[PlyCount "38"]
[EventDate "2017.10.10"]
[EventType "team-tourn"]
[EventRounds "5"]
[EventCountry "CZE"]
[SourceTitle "CBM 181 Extra"]
[Source "ChessBase"]
[SourceDate "2017.12.12"]
[SourceVersion "1"]
[SourceVersionDate "2017.12.12"]
[SourceQuality "1"]
[WhiteTeam "Austria"]
[BlackTeam "Switzerland"]
[WhiteTeamCountry "AUT"]
[BlackTeamCountry "SUI"]

1. b4 b6 2. Bb2 e6 3. e3 Nf6 4. b5 Bb7 5. Nf3 Be7 6. Be2 0-0 7. 0-0 c6 8. c4 d5 9. d3 cxb5 10. cxb5 Nbd7 11. d4 Rc8 12. Nbd2 Re8 13. Qb3 h6 14. Ba3 Ne4 15. Bxe7 Rxe7 16. Rac1 Ndf6 17. Qb2 Rec7 18. Bd3 g5 19. Nb3 Qd6 1/2-1/2